Quizzes
Events
Quiz Creation
Community
Videos
Private Events
Remove Ads
Sign In
Join for FREE
Feedback
Dark Mode
Quiz Categories
Sports
Geography
Music
Movies
Television
Just For Fun
Miscellaneous
History
Literature
Language
Science
Gaming
Entertainment
Religion
Holiday
For Kids
Quiz Lab
Recent
Popular Today
Quiz Kudos Today
Editor Picks
Curator Picks
Quizzes by...
Day
Popularity
Type
Ratings
Length
Year
Community
Subscriptions
Recent Discussions
Orange Saloon
Badges
Playlists
Quests
Create
Leaderboards
Showdown
Live 5
Trivia Bingo
Activity
Puzzle Library
Sporcle Events
Private Events
Virtual Trivia
Globe League
Become a Host
Pub Owners
SporcleCon
Opinionation
Our Games
Videos
Blog
Mobile Apps
Partnerships
Remove Ads and Go Orange
Feedback
Geography
Country
Landmarks
City
State
Population
World
Capital
Continent
Flags
Europe
Africa
Asia
South America
North America
Oceania
Border
Canada
United Kingdom
Topography
United States
Geography
Country
Landmarks
City
State
Population
World
Capital
Continent
Flags
Europe
Africa
Asia
South America
North America
Oceania
Border
Canada
United Kingdom
Topography
United States
Random Quiz
Search Sporcle
×
Quiz Lab
Quiz Lab
Geography
City
Type answers that appear on an image
Type answers that appear on an image
Map
Best Score? Go Orange.
Top 30 Cities of Macedonia on a Map Stats
Can you name the Top 30 Cities of Macedonia on a Map?
By
SpanishSpy
10m
30 Questions
439 Plays
439 Plays
439 Plays
Comments
Comments
Give Quiz Kudos
Give Quiz Kudos
-
- Ratings
hide this ad
Replay
Link that replays current quiz
Next Quiz
Link to next quiz in quiz playlist
You Got
0%
They Got
Avg Score
56%
Avg Friend Score
Upgrade to see
Score Distribution
Jump to the score distribution portion of the page
Score
0/30
Timer
10:00
0
Plays Today
% Correct
Skopje
98.9%
Bitola
92.9%
Ohrid
89.7%
Kumanovo
89.3%
Tetovo
87.9%
Prilep
84.1%
Veles
80.6%
Štip
80.2%
Strumica
78.6%
Gostivar
75.6%
Struga
74.9%
Debar
68.1%
Kičevo
66.5%
Gevgelija
66.3%
Kavadarci
59.9%
% Correct
Resen
56.3%
Kočani
55.8%
Kriva Palanka
55.8%
Probištip
49.7%
Negotino
48.1%
Radoviš
46.7%
Delčevo
46.2%
Sveti Nikole
42.8%
Vinica
36.7%
Aračinovo
21.2%
Mala Rečica
12.5%
Studeničani
11.4%
Bogovinje
10.7%
Čegrane
9.6%
Batinci
8%
Quiz Playlist
Details
Report
Send in Message
Add To Playlist
Map:
Type answers that appear on an image
Quiz Source
Last Updated: May 26, 2018
Quiz Scoreboard
CHALLENGE
Sign Up to Join the Scoreboard
Show All
Scores
Hide
Comments
May contain spoilers
Recently Published
Decade Duel: World Leaders
by jenniferyan
History
4m
Alphabetical 'K' Countries by Flag Minefield
by ylime102
Geography
3m
Pick 6: Fruits
by JohnFran
Miscellaneous
15s
More to Explore
Quiz From the Vault
Featured Blog Post
15 Basketball Trivia Facts You Can Be March Mad About
hide this ad
You Might Also Like...
Tags
City Quiz
map
North Macedonia
Top 30
Today's Top Quizzes in Geography
Browse Geography
hide this ad
Today's Top Quizzes in City
Browse City
Top Contributed Quizzes in Geography
1
Countries of the World - No Outlines Minefield
2
Pick 6: Mountains
3
Least Populated Answer: 'G' Countries
4
Alphabetical 'L' Countries By Flag Minefield
5
Lietuvos savivaldybės (Lithuanian Municipalities)
6
Alphabetical 'M' Countries By Flag Minefield
7
Pick 6: National Parks
8
Pick 6: US States
9
'A' Countries In Alphabetical Order by Flag
10
African Flag Reveal XXXVI
Explore More
Trending Topics
Disney
Marvel
Crossword
Harry Potter
Kpop
Anime
NBA
Puzzle
NFL
Song
The Office
Pokémon
Soccer
WWE
Country
hide this ad
More By:
SpanishSpy
Quiz
Plays
Rating
Category
Featured
Created
Top 30 Cities of Ireland on a Map
64,766
4.13
Geography
Aug 18, 2015
Top 20 Cities of Türkiye on a Map
53,720
4.30
Geography
Jul 25, 2017
Top 20 Cities of Argentina on a Map
51,598
4.52
Geography
Dec 2, 2015
Top 25 Cities of Portugal on a Map
37,859
4.58
Geography
May 7, 2016
Top 20 Cities of South Korea on a Map
35,822
4.69
Geography
Jan 7, 2016
Go to Creator's Profile
Score Distribution
Quiz Creator Spotlight
SpanishSpy
Follow
Send a Message
Quizzes Created
-
Created Quiz Play Count
-
More By This Creator
Popular Quizzes Today
1
Countries of Asia Without Outlines Minefield
2
Find the US States - No Outlines Minefield
3
Pick 6: Fruits
4
Alphabetical 'K' Countries by Flag Minefield
5
The Countries of the World
6
Find the Countries of Europe - No Outlines Minefield
7
Find the US States
8
US States
More Geography Quizzes
Anything but Saudi Arabia
Quiz Lab
Trending Quizzes
Pick 6: Mountains
Pick 6: Harry Potter
Pick 6: Flags
Pick 6: NFL Teams
Pick 6: Movie Franchises
Recently Updated
Adaptations: Name the Title
pecheneg
NWSL Teams
pecheneg
Women's Final Four Teams by Year
bhenderson79
Presidents Quartet II
eogle
Anything But Clue(do)
eogle
Anything But Oceanian Capitals
eogle
Anything But 7
eogle
Anything But Thing
eogle
Word Ladder: February 29
pecheneg
Song Title Questions
pecheneg
Trending Topics
Kpop
Crossword
Harry Potter
Disney
Marvel
Anime
NBA
Puzzle
NFL
Country
WWE
Soccer
The Office
Pokémon
Song
Your Account Isn't Verified!
In order to create a playlist on Sporcle, you need to verify the email address you used during registration. Go to your
Sporcle Settings
to finish the process.
Report this User
Report this user for behavior that violates our
Community Guidelines
.
Details:
Send Report
Go to the Sporcle.com Mobile Site →
Comments